| 000 | 01109cam a22002895a 4500 | ||
|---|---|---|---|
| 001 | 15494982 | ||
| 005 | 20100203182835.0 | ||
| 008 | 081023s2009 cau | 00| 0 eng d | ||
| 010 | _a 2008940127 | ||
| 020 | _a9781847873576 | ||
| 020 | _a9781847873583 | ||
| 040 |
_aDLC _cDLC _dDLC |
||
| 082 |
_2 22 _a370.72 _bBUR |
||
| 100 | 1 |
_aBurton, Diana _q(Diana M.) _912554 |
|
| 245 | 1 | 0 |
_aKey Issues for Education Researchers / _cDiana Burton and Steve Bartlett. |
| 260 |
_aLos Angeles; _alondon : _bSAGE, _cc2009. |
||
| 300 |
_aix, 178 p. : _c25 cm. |
||
| 490 | 1 | _aEducation studies, key issues | |
| 504 | _aIncludes bibliographical references and index. | ||
| 650 | 0 |
_aEducation research. _912555 |
|
| 650 | 0 |
_aEducation _xResearch _xMethodology. _912556 |
|
| 700 | 1 |
_aBartlett, Steve. _912557 |
|
| 830 | 0 |
_aEducation studies, key issues. _912558 |
|
| 942 |
_2ddc _cBB |
||
| 999 |
_c13650 _d13650 |
||